[Event "ECCC 2013"]
[Site "Rhodes"]
[Date "2013.10.24"]
[Round "5"]
[White "Lindgren, Philip"]
[Black "Delorme, Axel"]
[Result "1/2-1/2"]
[WhiteElo "2278"]
[BlackElo "2482"]
[PlyCount "130"]
[EventDate "2013.10.20"]
[EventType "team"]
[EventRounds "7"]
[EventCountry "GRE"]
[WhiteTeam "Limhamns SK"]
[BlackTeam "Clichy Echecs 92"]

1. d4 Nf6 2. c4 e6 3. Nf3 Bb4+ 4. Bd2 c5 5. Bxb4 cxb4 6. g3 d6 7. Bg2 O-O 8.
O-O a5 9. a3 Na6 10. axb4 Nxb4 11. Nc3 Qc7 12. b3 Bd7 13. e4 d5 14. Ne5 dxc4
15. bxc4 Rfd8 16. Qb3 Be8 17. Rfd1 Rac8 18. Rac1 b6 19. h3 Nd7 20. Nxd7 Bxd7
21. Na2 Nxa2 22. Qxa2 e5 23. d5 Qc5 24. Qb2 Qd6 25. Bf1 Rc5 26. Rc3 Qc7 27. Ra3
Rb8 28. Rb1 h6 29. Rb3 Rxc4 30. Bxc4 Qxc4 31. Rxb6 Rxb6 32. Qxb6 Qxe4 33. Ra1
Bf5 34. d6 Kh7 35. Kh2 Qf3 36. Qe3 Qd5 37. Qa3 Bd7 38. Ra2 a4 39. Re2 Bc6 40.
f3 g6 41. Kg2 Kg8 42. Qe3 Qxd6 43. Qxe5 Qd1 44. Qe3 Kh7 45. Rf2 Bd5 46. Qa3 Bb3
47. h4 h5 48. Rf1 Qd2+ 49. Rf2 Qd1 50. Rf1 Qd3 51. Rf2 Qf5 52. Qb4 Be6 53. Qxa4
Qh3+ 54. Kg1 Qxg3+ 55. Kf1 Bd5 56. Ke2 Qe5+ 57. Kf1 Qg3 58. Ke2 Be6 59. Qd4 Qc7
60. Ke3 Qc1+ 61. Rd2 Qe1+ 62. Re2 Qg1+ 63. Rf2 Bf5 64. Kd2 Qb1 65. Re2 Be6
1/2-1/2

[Event "ECCC 2013"]
[Site "Rhodes"]
[Date "2013.10.24"]
[Round "5"]
[White "Kambrath, Yannick"]
[Black "Mansson, Peter"]
[Result "1-0"]
[WhiteElo "2298"]
[BlackElo "2136"]
[PlyCount "81"]
[EventDate "2013.10.20"]
[EventType "team"]
[EventRounds "7"]
[EventCountry "GRE"]
[WhiteTeam "Clichy Echecs 92"]
[BlackTeam "Limhamns SK"]

1. c4 Nf6 2. Nc3 e5 3. Nf3 Nc6 4. d3 Bc5 5. e3 O-O 6. Be2 d5 7. cxd5 Nxd5 8.
O-O Be6 9. a3 a5 10. Bd2 Qe7 11. Qc2 Rad8 12. Rfe1 Nxc3 13. Bxc3 Bf5 14. Nd2
Rd7 15. Ne4 Bb6 16. Rab1 Bg6 17. b4 f5 18. Nc5 Bxc5 19. bxc5 Qxc5 20. Rxb7 f4
21. Qa2+ Kh8 22. Qc4 Qxc4 23. dxc4 fxe3 24. fxe3 Be4 25. Rb5 Bd3 26. Rd5 Rxd5
27. cxd5 Bxe2 28. Rxe2 Ne7 29. e4 c6 30. d6 Nc8 31. Bxe5 Rd8 32. Rb2 Kg8 33.
Rb8 Kf7 34. d7 Rxd7 35. Rxc8 Rd3 36. Rxc6 Rxa3 37. Rc7+ Ke6 38. Bxg7 Re3 39.
Rc4 Re2 40. Ra4 Kf7 41. Bc3 1-0

[Event "ECCC 2013"]
[Site "Rhodes"]
[Date "2013.10.24"]
[Round "5"]
[White "Nemeth, Miklos"]
[Black "Buhmann, Rainer"]
[Result "1/2-1/2"]
[WhiteElo "2468"]
[BlackElo "2582"]
[PlyCount "85"]
[EventDate "2013.10.20"]
[EventType "team"]
[EventRounds "7"]
[EventCountry "GRE"]
[WhiteTeam "Haladas VSE, Szombathely"]
[BlackTeam "Schachclub MPO Maria Saal"]

1. e4 e6 2. d4 d5 3. Nd2 c5 4. exd5 Qxd5 5. dxc5 Bxc5 6. Ngf3 Nf6 7. Bc4 Qc6 8.
Qe2 O-O 9. O-O Nbd7 10. Nb3 b6 11. Nxc5 Qxc5 12. b3 Bb7 13. Bb2 Rac8 14. Ne5
Nxe5 15. Qxe5 Qxe5 16. Bxe5 Nd5 17. Bxd5 Bxd5 18. c4 Bc6 19. Rfd1 Rfd8 20. f3
f6 21. Bd6 Rd7 22. Rd2 e5 23. Rad1 Kf7 24. Kf2 g5 25. Ba3 Rxd2+ 26. Rxd2 b5 27.
cxb5 Bxb5 28. Bb4 Rc1 29. Rd5 Rc2+ 30. Rd2 Rc1 31. Rd5 a6 32. a4 Rc2+ 33. Rd2
Rxd2+ 34. Bxd2 Bc6 35. g3 Bd5 36. b4 Bc6 37. a5 Ke6 38. f4 gxf4 39. gxf4 e4 40.
Be3 Kd5 41. Bc5 Kc4 42. Ke3 f5 43. h4 1/2-1/2

[Event "ECCC 2013"]
[Site "Rhodes"]
[Date "2013.10.24"]
[Round "5"]
[White "Kreisl, Robert"]
[Black "Petenyi, Tamas"]
[Result "1-0"]
[WhiteElo "2408"]
[BlackElo "2464"]
[PlyCount "125"]
[EventDate "2013.10.20"]
[EventType "team"]
[EventRounds "7"]
[EventCountry "GRE"]
[WhiteTeam "Schachclub MPO Maria Saal"]
[BlackTeam "Haladas VSE, Szombathely"]

1. Nf3 g6 2. e4 Bg7 3. d4 d6 4. c3 Nf6 5. Bd3 O-O 6. O-O c6 7. h3 Nbd7 8. Re1
e5 9. dxe5 dxe5 10. Be3 Qe7 11. Nbd2 Nc5 12. Bc2 Rd8 13. Qb1 Nh5 14. b4 Ne6 15.
Bd3 Nef4 16. Bf1 b6 17. a4 g5 18. a5 Rb8 19. axb6 axb6 20. Nh2 Nf6 21. Nc4 Nd7
22. Ra7 Qf6 23. Rd1 Nf8 24. Nxb6 Be6 25. Ng4 Qg6 26. Rxd8 Rxd8 27. Nc4 Nd7 28.
Na5 Re8 29. b5 cxb5 30. Bxb5 h5 31. Nh2 Rb8 32. Rb7 Rxb7 33. Nxb7 Nf6 34. Nc5
Bd5 35. Bxf4 gxf4 36. Bd3 Bc6 37. Nf3 Ne8 38. Qb8 Qf6 39. Bb5 Bxb5 40. Qxb5 Qe7
41. Nd3 f6 42. Nh4 Nd6 43. Qd5+ Kh7 44. c4 f5 45. Nxf5 Nxf5 46. exf5 e4 47. f6
Bxf6 48. Nxf4 e3 49. Qd3+ Kg8 50. fxe3 Bg5 51. Qg6+ Kh8 52. Qxh5+ Kg8 53. Qg6+
Kh8 54. Qd3 Qc5 55. g3 Bxf4 56. gxf4 Qb4 57. Kf2 Qb2+ 58. Kf3 Qc1 59. Ke4 Qh1+
60. Ke5 Qxh3 61. Qd8+ Kh7 62. Qe7+ Kh8 63. Qf8+ 1-0

[Event "ECCC 2013"]
[Site "Rhodes"]
[Date "2013.10.24"]
[Round "5"]
[White "Nagy, Gabor"]
[Black "Schachinger, Mario"]
[Result "0-1"]
[WhiteElo "2414"]
[BlackElo "2402"]
[PlyCount "102"]
[EventDate "2013.10.20"]
[EventType "team"]
[EventRounds "7"]
[EventCountry "GRE"]
[WhiteTeam "Haladas VSE, Szombathely"]
[BlackTeam "Schachclub MPO Maria Saal"]

1. Nf3 Nf6 2. c4 e6 3. d4 d5 4. Nc3 Be7 5. cxd5 exd5 6. Bf4 c6 7. Qc2 Na6 8. a3
Nc7 9. e3 Ne6 10. Be5 O-O 11. Bd3 g6 12. h4 c5 13. h5 c4 14. Be2 Nxh5 15. Rxh5
gxh5 16. O-O-O f6 17. Bg3 Bd6 18. Rh1 Ng7 19. Nxd5 Bxg3 20. fxg3 b5 21. Nf4 Bg4
22. Nh4 Bxe2 23. Qxe2 Qe8 24. e4 Rc8 25. Nd5 Qe6 26. Qf3 Rcd8 27. Nf4 Qg4 28.
Qxg4 hxg4 29. d5 Rfe8 30. Re1 Re5 31. Kd2 Kf7 32. Kc3 f5 33. Kb4 Rxe4 34. Rf1
a6 35. Kc5 c3 36. bxc3 Rc4+ 37. Kb6 Rd6+ 38. Kb7 Rxc3 39. Rf2 Kf6 40. Nh5+ Nxh5
41. Rxf5+ Ke7 42. Rxh5 Kd8 43. Rg5 Rc7+ 44. Kb8 Rb6+ 45. Ka8 Rbb7 46. Rg8+ Kd7
47. Rg7+ Kd6 48. Nf5+ Kxd5 49. Rg5 Kc6 50. Nd4+ Kb6 51. Nxb5 Rc8# 0-1

[Event "ECCC 2013"]
[Site "Rhodes"]
[Date "2013.10.24"]
[Round "5"]
[White "Halvax, Georg"]
[Black "Csonka, Attila Istvan"]
[Result "0-1"]
[WhiteElo "2326"]
[BlackElo "2387"]
[PlyCount "84"]
[EventDate "2013.10.20"]
[EventType "team"]
[EventRounds "7"]
[EventCountry "GRE"]
[WhiteTeam "Schachclub MPO Maria Saal"]
[BlackTeam "Haladas VSE, Szombathely"]

1. d4 Nf6 2. Nf3 e6 3. c4 b6 4. g3 Ba6 5. Qc2 d5 6. Nbd2 Be7 7. Bg2 O-O 8. O-O
c6 9. b3 Nbd7 10. Bb2 Rc8 11. e4 c5 12. dxc5 dxc4 13. Nxc4 Bxc5 14. Qe2 Qe7 15.
Rfd1 Bxc4 16. bxc4 Rfd8 17. e5 Ng4 18. Bd4 Nh6 19. h3 Nf5 20. Bxc5 Qxc5 21. g4
Ne7 22. Rd4 Nf8 23. Rad1 Rxd4 24. Rxd4 Nc6 25. Re4 Rd8 26. h4 Qa5 27. Re3 Nd4
28. Nxd4 Rxd4 29. a3 Qc5 30. Bf1 h5 31. gxh5 Rxh4 32. Qf3 Qd4 33. Be2 Qa1+ 34.
Bf1 Rxc4 35. h6 gxh6 36. Qh5 Ng6 37. Rg3 Kg7 38. Qf3 Rc7 39. Qf6+ Kh7 40. f4
Qd4+ 41. Kh1 Qf2 42. Rg1 Qf3+ 0-1

[Event "ECCC 2013"]
[Site "Rhodes"]
[Date "2013.10.24"]
[Round "5"]
[White "Pergel, Laszlo"]
[Black "Ertl, Johann"]
[Result "1/2-1/2"]
[WhiteElo "2249"]
[BlackElo "2258"]
[PlyCount "67"]
[EventDate "2013.10.20"]
[EventType "team"]
[EventRounds "7"]
[EventCountry "GRE"]
[WhiteTeam "Haladas VSE, Szombathely"]
[BlackTeam "Schachclub MPO Maria Saal"]

1. e4 e6 2. Nc3 d5 3. Qe2 dxe4 4. Nxe4 Nd7 5. g3 Ngf6 6. Bg2 Be7 7. d4 c5 8.
Nxc5 Nxc5 9. dxc5 Qa5+ 10. c3 Qxc5 11. Be3 Qa5 12. Nf3 Bd7 13. O-O Bc6 14. c4
O-O 15. Bd2 Qh5 16. Rfe1 Rfd8 17. Ne5 Bxg2 18. Kxg2 Qxe2 19. Rxe2 Rac8 20. Rc1
Nd7 21. Nxd7 Rxd7 22. Be3 Bc5 23. Bxc5 Rxc5 24. Rcc2 Kf8 25. b3 Rc8 26. Rcd2
Rcd8 27. Rxd7 Rxd7 28. Kf3 Ke7 29. Ke3 Rd1 30. Rd2 Re1+ 31. Re2 Rd1 32. Rd2
Re1+ 33. Re2 Rd1 34. Ke4 1/2-1/2

[Event "ECCC 2013"]
[Site "Rhodes"]
[Date "2013.10.24"]
[Round "5"]
[White "Cox, John J"]
[Black "Heimann, Andreas"]
[Result "0-1"]
[WhiteElo "2387"]
[BlackElo "2493"]
[PlyCount "80"]
[EventDate "2013.10.20"]
[EventType "team"]
[EventRounds "7"]
[EventCountry "GRE"]
[WhiteTeam "Barbican 4NCL"]
[BlackTeam "Reichenstein SSB"]

1. c4 e6 2. g3 d5 3. Nf3 Nf6 4. Bg2 d4 5. e3 c5 6. exd4 cxd4 7. O-O Nc6 8. d3
h6 9. b3 Bd6 10. Ba3 O-O 11. Bxd6 Qxd6 12. a3 a5 13. Nbd2 e5 14. Qc2 Bf5 15. c5
Qe7 16. Rfe1 Bh7 17. Qc4 Rfd8 18. b4 axb4 19. axb4 Rxa1 20. Rxa1 Nd5 21. b5
Ncb4 22. Ne1 Bf5 23. Ra7 Be6 24. Ne4 Rb8 25. Nd6 Qg5 26. Nf3 Qh5 27. h4 Bg4 28.
Ne1 Be6 29. Bf3 Qg6 30. Nxb7 f5 31. Nc2 e4 32. Nxb4 Nxb4 33. Qxb4 exf3 34. c6
Qg4 35. Qe1 f4 36. Nc5 Bf5 37. Rb7 Rf8 38. Qe5 Bc8 39. Re7 fxg3 40. Qxg3 Qxg3+
0-1

[Event "ECCC 2013"]
[Site "Rhodes"]
[Date "2013.10.24"]
[Round "5"]
[White "Volke, Karsten"]
[Black "Ferguson, Mark"]
[Result "1/2-1/2"]
[WhiteElo "2459"]
[BlackElo "2414"]
[PlyCount "122"]
[EventDate "2013.10.20"]
[EventType "team"]
[EventRounds "7"]
[EventCountry "GRE"]
[WhiteTeam "Reichenstein SSB"]
[BlackTeam "Barbican 4NCL"]

1. d4 d5 2. c4 c6 3. Nf3 Nf6 4. Nc3 dxc4 5. a4 Bf5 6. e3 e6 7. Bxc4 Bb4 8. O-O
O-O 9. Qe2 Bg6 10. Ne5 Nbd7 11. Nxg6 hxg6 12. Rd1 Qa5 13. Na2 Qxa4 14. e4 Qa5
15. e5 Nd5 16. h4 Rfc8 17. h5 gxh5 18. Qxh5 g6 19. Qg4 Be7 20. Bh6 Bf8 21. Bg5
Bg7 22. Qh4 Nf8 23. Bxd5 cxd5 24. Rd3 Nh7 25. Be7 g5 26. Bxg5 Nxg5 27. Qxg5 Qd8
28. Qg4 f5 29. exf6 Qxf6 30. Rf3 Qh6 31. Re1 Rc6 32. Nc3 Rf8 33. Rxf8+ Kxf8 34.
Re3 Kg8 35. Qg3 e5 36. Qf3 e4 37. Qf5 Qe6 38. Nxd5 Qxf5 39. Ne7+ Kf7 40. Nxf5
Rc1+ 41. Kh2 Rc2 42. Rb3 b6 43. Nxg7 Kxg7 44. Kg3 Kf6 45. Ra3 Rxb2 46. Rxa7 Rd2
47. Rb7 Kg5 48. Rxb6 Rd3+ 49. Kh2 Rxd4 50. Rb8 Rd2 51. Rg8+ Kh4 52. g3+ Kh5 53.
Kg1 e3 54. fxe3 Re2 55. Re8 Kg4 56. Kf1 Ra2 57. e4 Kxg3 58. e5 Kf4 59. e6 Ke5
60. e7 Ke6 61. Rf8 Kxe7 1/2-1/2

[Event "ECCC 2013"]
[Site "Rhodes"]
[Date "2013.10.24"]
[Round "5"]
[White "Grafl, Florian"]
[Black "Riff, Vincent"]
[Result "1/2-1/2"]
[WhiteElo "2379"]
[BlackElo "2335"]
[PlyCount "80"]
[EventDate "2013.10.20"]
[EventType "team"]
[EventRounds "7"]
[EventCountry "GRE"]
[WhiteTeam "Barbican 4NCL"]
[BlackTeam "Reichenstein SSB"]

1. f4 d5 2. Nf3 g6 3. g3 Bg7 4. Bg2 Nh6 5. O-O O-O 6. c3 c5 7. d3 d4 8. h3 Nf5
9. g4 Nd6 10. e4 dxe3 11. Na3 Nd7 12. Bxe3 Rb8 13. d4 cxd4 14. Bxd4 Bxd4+ 15.
Qxd4 Qb6 16. Qxb6 Nxb6 17. Nd4 Na4 18. Rae1 Re8 19. Rf2 Nc5 20. Rd2 Ne6 21.
Ndb5 Nxb5 22. Nxb5 a6 23. Na7 Nxf4 24. Nxc8 Rexc8 25. Rxe7 Nxg2 26. Kxg2 Re8
27. Rdd7 Rxe7 28. Rxe7 b5 29. Ra7 Rd8 30. Rxa6 Rd2+ 31. Kf3 Rxb2 32. g5 b4 33.
cxb4 Rxb4 34. Kg3 Kg7 35. Ra7 Rc4 36. Ra3 h6 37. h4 hxg5 38. hxg5 Rc5 39. Kf4
Rc4+ 40. Kf3 Rc5 1/2-1/2

[Event "ECCC 2013"]
[Site "Rhodes"]
[Date "2013.10.24"]
[Round "5"]
[White "Lauterbach, Ingrid"]
[Black "Drabke, Lorenz Maximilian"]
[Result "0-1"]
[WhiteElo "2123"]
[BlackElo "2434"]
[PlyCount "104"]
[EventDate "2013.10.20"]
[EventType "team"]
[EventRounds "7"]
[EventCountry "GRE"]
[WhiteTeam "Barbican 4NCL"]
[BlackTeam "Reichenstein SSB"]

1. Nf3 c5 2. g3 Nc6 3. Bg2 g6 4. c4 Bg7 5. Nc3 d6 6. O-O Qd7 7. d3 b6 8. e3
Bxc3 9. bxc3 f5 10. e4 Bb7 11. exf5 gxf5 12. Nh4 O-O-O 13. Qh5 e6 14. Bg5 Re8
15. Rfe1 Ne5 16. Bxb7+ Kxb7 17. d4 Qf7 18. Qe2 Nd7 19. Rad1 Ngf6 20. Bxf6 Nxf6
21. Qf3+ Kb8 22. d5 exd5 23. Nxf5 Kc7 24. Qf4 Qd7 25. cxd5 Nxd5 26. Qf3 Nxc3
27. Rxe8 Rxe8 28. Rxd6 Qb5 29. Qxc3 Qb1+ 30. Kg2 Qxf5 31. Rd1 Re2 32. Qg7+ Kc6
33. Qh6+ Kb7 34. Qg7+ Ka6 35. Rf1 Rxa2 36. g4 Qf4 37. h3 Qe4+ 38. Kg3 Qd3+ 39.
Kg2 Qe4+ 40. Kg3 Qd3+ 41. Kg2 Ra3 42. f3 Ra2+ 43. Rf2 Rxf2+ 44. Kxf2 c4 45.
Qa1+ Kb5 46. Qb2+ Qb3 47. Qe5+ Ka4 48. Qe4 a5 49. g5 Qd3 50. Qxd3 cxd3 51. f4
Kb3 52. f5 d2 0-1

[Event "ECCC 2013"]
[Site "Rhodes"]
[Date "2013.10.24"]
[Round "5"]
[White "Scherer, Max"]
[Black "Regan, Natasha K"]
[Result "1-0"]
[WhiteElo "2303"]
[BlackElo "2081"]
[PlyCount "73"]
[EventDate "2013.10.20"]
[EventType "team"]
[EventRounds "7"]
[EventCountry "GRE"]
[WhiteTeam "Reichenstein SSB"]
[BlackTeam "Barbican 4NCL"]

1. c4 e5 2. g3 g6 3. Bg2 Bg7 4. Nc3 f5 5. e3 Nf6 6. Nge2 O-O 7. d3 c6 8. O-O
Kh8 9. f4 d6 10. Rb1 Be6 11. b4 e4 12. b5 d5 13. bxc6 bxc6 14. Nd4 Bg8 15. cxd5
cxd5 16. h3 Qc8 17. Ncb5 Nc6 18. Ba3 Nxd4 19. Bxf8 Qxf8 20. Nxd4 exd3 21. Qxd3
Ne4 22. g4 fxg4 23. hxg4 Qc8 24. Bf3 Qd7 25. Rfc1 Re8 26. Kg2 Qe7 27. Rh1 Nd6
28. Rbe1 Nc4 29. Re2 Nxe3+ 30. Kg3 Qc5 31. Nc2 d4 32. Nxe3 Rxe3 33. Rxe3 dxe3
34. Qxg6 Qc3 35. Qe8 Qd2 36. Rxh7+ Kxh7 37. Be4+ 1-0

[Event "ECCC 2013"]
[Site "Rhodes"]
[Date "2013.10.24"]
[Round "5"]
[White "Raznikov, Danny"]
[Black "Williams, Simon K"]
[Result "1-0"]
[WhiteElo "2486"]
[BlackElo "2463"]
[PlyCount "109"]
[EventDate "2013.10.20"]
[EventType "team"]
[EventRounds "7"]
[EventCountry "GRE"]
[WhiteTeam "Kfar Saba Chess Club"]
[BlackTeam "Jutes of Kent"]

1. d4 e6 2. c4 Nf6 3. Nf3 c5 4. e3 d5 5. Nc3 Nc6 6. cxd5 exd5 7. Be2 Be7 8.
dxc5 Bxc5 9. O-O O-O 10. b3 Be6 11. Bb2 a6 12. Rc1 Bd6 13. Nd4 Rc8 14. Na4 Qe7
15. Nxc6 bxc6 16. Bxf6 Qxf6 17. Bxa6 Qe5 18. g3 Rc7 19. Qd4 Qh5 20. Rc2 Be5 21.
Qd2 d4 22. e4 Bh3 23. Be2 Qg6 24. Re1 f5 25. exf5 Bxf5 26. Rcc1 Bf6 27. Nc5
Rcc8 28. Bc4+ Kh8 29. Ne6 Rfe8 30. Nf4 Qh6 31. Rxe8+ Rxe8 32. Re1 Rd8 33. Qa5
g5 34. Ne6 Bxe6 35. Rxe6 Qg6 36. Qxd8+ Bxd8 37. Rxg6 hxg6 38. Kg2 Kg7 39. Kf3
Bb6 40. Bd3 Kf6 41. a4 Ba5 42. Be4 Ke5 43. Bxg6 Kd5 44. Be4+ Kc5 45. Ke2 Kb4
46. Bxc6 Kc3 47. Bb5 Kxb3 48. Kd3 Kb4 49. h4 gxh4 50. gxh4 Kc5 51. h5 Bd8 52.
h6 Bf6 53. h7 Kb4 54. Ke4 Bh8 55. f4 1-0

[Event "ECCC 2013"]
[Site "Rhodes"]
[Date "2013.10.24"]
[Round "5"]
[White "Givon, Asaf"]
[Black "Kirk, Ezra"]
[Result "1/2-1/2"]
[WhiteElo "2445"]
[BlackElo "2316"]
[PlyCount "124"]
[EventDate "2013.10.20"]
[EventType "team"]
[EventRounds "7"]
[EventCountry "GRE"]
[WhiteTeam "Kfar Saba Chess Club"]
[BlackTeam "Jutes of Kent"]

1. e4 c5 2. Nf3 Nc6 3. Bb5 g6 4. Bxc6 bxc6 5. O-O Bg7 6. Re1 Nh6 7. c3 O-O 8.
d4 Qb6 9. b3 d6 10. h3 f5 11. e5 Nf7 12. Nbd2 cxd4 13. cxd4 Ba6 14. Qc2 Rac8
15. Nc4 Bxc4 16. Qxc4 c5 17. e6 Nh6 18. Bg5 cxd4 19. Qd3 Qb7 20. Nxd4 f4 21.
Rac1 Qd5 22. Bxh6 Bxh6 23. Rxc8 Rxc8 24. Qa6 Qc5 25. Nf3 Bg7 26. Re4 d5 27. Re1
Bf6 28. Qa4 Qc7 29. Rd1 Rd8 30. b4 d4 31. Qb3 Rd6 32. Nd2 Qc6 33. b5 Qd5 34.
Qxd5 Rxd5 35. Ne4 Kg7 36. a4 d3 37. Kf1 Rd4 38. Nc5 d2 39. Ke2 Rc4 40. Nd3 Bc3
41. f3 Ba5 42. Ne5 Rxa4 43. Nc6 Bb4 44. Nxb4 Rxb4 45. Rxd2 Rxb5 46. Rd7 Kf6 47.
Rxa7 Rb2+ 48. Kf1 Kxe6 49. Ra4 Kf5 50. Ra7 Kf6 51. Ra6+ Kg5 52. Ra5+ Kh4 53.
Kg1 h6 54. Ra6 g5 55. Kh2 h5 56. Ra8 Re2 57. Rb8 e5 58. Re8 e4 59. Rxe4 Rxe4
60. fxe4 g4 61. hxg4 hxg4 62. g3+ fxg3+ 1/2-1/2

[Event "ECCC 2013"]
[Site "Rhodes"]
[Date "2013.10.24"]
[Round "5"]
[White "Judkovsky, Yair"]
[Black "Harakis, Alexis M"]
[Result "1/2-1/2"]
[WhiteElo "2348"]
[BlackElo "2239"]
[PlyCount "76"]
[EventDate "2013.10.20"]
[EventType "team"]
[EventRounds "7"]
[EventCountry "GRE"]
[WhiteTeam "Kfar Saba Chess Club"]
[BlackTeam "Jutes of Kent"]

1. e4 e6 2. Nf3 d5 3. Nc3 d4 4. Ne2 c5 5. d3 Nc6 6. g3 g6 7. Bg2 Bg7 8. O-O
Nge7 9. c3 O-O 10. cxd4 cxd4 11. a3 b5 12. Ng5 h6 13. Nh3 Qb6 14. f4 Bb7 15.
Kh1 Rac8 16. g4 f5 17. Ng3 Kh7 18. Bd2 a5 19. Rg1 b4 20. gxf5 exf5 21. Nf2 b3
22. Rc1 Nb8 23. exf5 Nxf5 24. Nxf5 Rxc1 25. Qxc1 gxf5 26. Qc4 Bf6 27. Bxb7
Qxb7+ 28. Rg2 Qc6 29. Qxb3 a4 30. Qd1 Rg8 31. Qf1 Nd7 32. Kg1 Bh4 33. Rxg8 Kxg8
34. Qd1 Nc5 35. Bb4 Ne6 36. Bd2 Nc5 37. Bb4 Ne6 38. Bd2 Nc5 1/2-1/2

[Event "ECCC 2013"]
[Site "Rhodes"]
[Date "2013.10.24"]
[Round "5"]
[White "Naylor, John"]
[Black "Mindlin, Alon"]
[Result "0-1"]
[WhiteElo "2142"]
[BlackElo "2286"]
[PlyCount "66"]
[EventDate "2013.10.20"]
[EventType "team"]
[EventRounds "7"]
[EventCountry "GRE"]
[WhiteTeam "Jutes of Kent"]
[BlackTeam "Kfar Saba Chess Club"]

1. e4 e5 2. Nf3 Nc6 3. Be2 Nf6 4. d3 d5 5. Nbd2 g6 6. c3 Bg7 7. Qc2 O-O 8. b4
a6 9. O-O Re8 10. a3 b6 11. Re1 Bb7 12. Bf1 Qd7 13. Bb2 Rad8 14. Rad1 h6 15. c4
dxe4 16. dxe4 Nd4 17. Nxd4 exd4 18. Bd3 c5 19. bxc5 bxc5 20. f3 Bc6 21. Rb1 Ba4
22. Qc1 Qc7 23. Nf1 h5 24. Qd2 Nd7 25. f4 Bh6 26. g3 Ne5 27. Qe2 Nxd3 28. Qxd3
Rb8 29. Ba1 Bc6 30. Nd2 Rxb1 31. Rxb1 Ba8 32. Bb2 f5 33. Re1 Qc6 0-1

[Event "ECCC 2013"]
[Site "Rhodes"]
[Date "2013.10.24"]
[Round "5"]
[White "Maki, Veijo"]
[Black "Kanmazalp, Ogulcan"]
[Result "1/2-1/2"]
[WhiteElo "2379"]
[BlackElo "2417"]
[PlyCount "82"]
[EventDate "2013.10.20"]
[EventType "team"]
[EventRounds "7"]
[EventCountry "GRE"]
[WhiteTeam "Tammer-Shakki"]
[BlackTeam "Besiktas JK"]

1. g3 g6 2. Bg2 Bg7 3. Nf3 c5 4. O-O Nc6 5. c4 e6 6. Nc3 Nge7 7. e3 Nf5 8. a3
O-O 9. b4 d5 10. cxd5 exd5 11. bxc5 d4 12. Nxd4 Nfxd4 13. exd4 Qxd4 14. Bb2 Bf5
15. Na4 Qd3 16. Bxg7 Kxg7 17. Qc1 Nd4 18. Qb2 Kg8 19. Nc3 Nf3+ 20. Kh1 Rab8 21.
Rfd1 Rfd8 22. Qb4 Nd4 23. Rac1 Bg4 24. Re1 Bf3 25. Ne4 Bxg2+ 26. Kxg2 Qf3+ 27.
Kg1 Ne2+ 28. Rxe2 Qxe2 29. Nf6+ Kh8 30. Qh4 Kg7 31. Ne4 Re8 32. Qf6+ Kg8 33. f3
Re6 34. Qc3 Qa6 35. d4 Rd8 36. Nd6 Qc6 37. Kf2 Qd5 38. Qc4 Qg5 39. Rc2 Qe3+ 40.
Kg2 Rf6 41. Rf2 Rfxd6 1/2-1/2

[Event "ECCC 2013"]
[Site "Rhodes"]
[Date "2013.10.24"]
[Round "5"]
[White "Yilmazyerli, Mert"]
[Black "Mertanen, Janne"]
[Result "1-0"]
[WhiteElo "2414"]
[BlackElo "2350"]
[PlyCount "149"]
[EventDate "2013.10.20"]
[EventType "team"]
[EventRounds "7"]
[EventCountry "GRE"]
[WhiteTeam "Besiktas JK"]
[BlackTeam "Tammer-Shakki"]

1. e4 e5 2. Nf3 Nc6 3. Bb5 g6 4. O-O Bg7 5. c3 a6 6. Ba4 Nge7 7. d4 exd4 8.
cxd4 b5 9. Bc2 d6 10. h3 O-O 11. a3 Bb7 12. Re1 Rc8 13. Bg5 h6 14. Bh4 Re8 15.
Qd2 Qd7 16. a4 b4 17. d5 Ne5 18. Nxe5 Bxe5 19. Qxb4 c6 20. Bxe7 Qxe7 21. dxc6
Bxc6 22. Nc3 Rb8 23. Qa3 Qf6 24. Re3 Qf4 25. g3 Qf6 26. Kg2 Bd4 27. Rf3 Qe6 28.
Rd1 Bc5 29. Qa1 Qe5 30. Qa2 Qe6 31. Nd5 Bxd5 32. Rxd5 Re7 33. b3 f5 34. b4 fxe4
35. Rf4 Rxb4 36. Bb3 Rxb3 37. Qxb3 g5 38. Rff5 Rf7 39. g4 Re7 40. Qb8+ Re8 41.
Qb7 Re7 42. Qb8+ Re8 43. Qb3 Kh7 44. Qc2 Kg8 45. Qc3 Kh7 46. Qf6 Qxf6 47. Rxf6
e3 48. fxe3 Rxe3 49. Rdf5 Re2+ 50. Kf1 Ra2 51. Re6 Rxa4 52. Rf7+ Kg8 53. Rb7
Rf4+ 54. Ke2 Rf7 55. Re8+ Kg7 56. Rxf7+ Kxf7 57. Ra8 Kg6 58. Kf3 Bb4 59. Rxa6
h5 60. Ke4 hxg4 61. hxg4 Kf6 62. Kd5 Bc5 63. Ra1 Bb4 64. Rf1+ Kg6 65. Ke6 Bd2
66. Kxd6 Be3 67. Rf5 Bd2 68. Ke6 Bc3 69. Rc5 Bb2 70. Rc6 Ba1 71. Kd5+ Bf6 72.
Ke4 Kg7 73. Kf5 Bb2 74. Kxg5 Kh7 75. Rc7+ 1-0

[Event "ECCC 2013"]
[Site "Rhodes"]
[Date "2013.10.24"]
[Round "5"]
[White "Koykka, Pekka"]
[Black "Atakisi, Umut"]
[Result "0-1"]
[WhiteElo "2302"]
[BlackElo "2346"]
[PlyCount "58"]
[EventDate "2013.10.20"]
[EventType "team"]
[EventRounds "7"]
[EventCountry "GRE"]
[WhiteTeam "Tammer-Shakki"]
[BlackTeam "Besiktas JK"]

1. Nf3 Nf6 2. d4 g6 3. Bf4 Bg7 4. e3 O-O 5. h3 d6 6. Be2 b6 7. c4 c5 8. Nc3 Bb7
9. Qc2 cxd4 10. exd4 d5 11. cxd5 Nxd5 12. Be5 Nc6 13. Bxg7 Kxg7 14. O-O Nf4 15.
Qe4 Nxe2+ 16. Nxe2 e6 17. Nf4 Na5 18. Qe5+ Qf6 19. Ng5 Qxe5 20. dxe5 Kg8 21.
Rfe1 Rfd8 22. Ne4 Bxe4 23. Rxe4 Rac8 24. Rae1 Rc2 25. b4 Nc4 26. a4 Rdd2 27.
R1e2 Rd1+ 28. Kh2 Rcc1 29. g4 Nd2 0-1

[Event "ECCC 2013"]
[Site "Rhodes"]
[Date "2013.10.24"]
[Round "5"]
[White "Kytoniemi, Jyrki"]
[Black "Apaydin, Fethi"]
[Result "0-1"]
[WhiteElo "2263"]
[BlackElo "2246"]
[PlyCount "150"]
[EventDate "2013.10.20"]
[EventType "team"]
[EventRounds "7"]
[EventCountry "GRE"]
[WhiteTeam "Tammer-Shakki"]
[BlackTeam "Besiktas JK"]

1. e4 g6 2. Nc3 Bg7 3. h4 h5 4. d4 d6 5. Nge2 a6 6. Be3 b5 7. Qd2 Bb7 8. f3 Nd7
9. d5 c6 10. dxc6 Bxc6 11. Nd4 Bb7 12. a4 bxa4 13. Rxa4 Ngf6 14. Be2 O-O 15.
Bh6 Bxh6 16. Qxh6 Qb6 17. Nb3 Bc6 18. Ra5 Nc5 19. Ra3 Nxb3 20. Rxb3 Qc5 21. Qg5
Qd4 22. Qd2 Qa7 23. Ra3 a5 24. Nb5 Qb8 25. Rb3 d5 26. Nd4 Qg3+ 27. Kf1 a4 28.
Ra3 Qd6 29. e5 Qxe5 30. Nxc6 Qxb2 31. Nxe7+ Kh7 32. Re3 a3 33. Kf2 a2 34. Rb3
a1=Q 35. Rxa1 Qxa1 36. Nc6 Rac8 37. Nd4 Rfe8 38. Kg3 Qa7 39. c3 Qc7+ 40. Kf2
Qe5 41. Bb5 Rg8 42. Rb1 Ra8 43. g3 Ra3 44. Bd3 Re8 45. Bb5 Rea8 46. Rb2 Ra1 47.
Bf1 Ne8 48. Qe2 Qxe2+ 49. Bxe2 Nd6 50. Ke3 R1a2 51. Rb6 Re8+ 52. Kf4 Raxe2 53.
Rxd6 R2e5 54. Rd7 Kg7 55. Rd6 f6 56. g4 hxg4 57. Kxg4 Rc8 58. f4 Re3 59. Rd7+
Kh6 60. h5 f5+ 61. Kh4 Rcxc3 62. Nxf5+ gxf5 63. Rd6+ Kg7 64. Kg5 Re7 65. Kxf5
Rf7+ 66. Kg4 Rc4 67. Rxd5 Rcxf4+ 68. Kg5 Rf1 69. h6+ Kh7 70. Re5 Rg1+ 71. Kh5
Rh1+ 72. Kg5 Rxh6 73. Re8 Rg6+ 74. Kh5 Rf5+ 75. Kh4 Rf1 0-1

[Event "ECCC 2013"]
[Site "Rhodes"]
[Date "2013.10.24"]
[Round "5"]
[White "Miralles, Gilles"]
[Black "Agdestein, Simen"]
[Result "0-1"]
[WhiteElo "2472"]
[BlackElo "2603"]
[PlyCount "120"]
[EventDate "2013.10.20"]
[EventType "team"]
[EventRounds "7"]
[EventCountry "GRE"]
[WhiteTeam "Club d'Echecs de Geneve"]
[BlackTeam "Oslo Schakselskap"]

1. e4 c5 2. Nf3 Nc6 3. d4 cxd4 4. Nxd4 Nf6 5. Nc3 d6 6. Bc4 Bd7 7. O-O g6 8.
Nd5 Bg7 9. Bg5 Nxd5 10. Nxc6 bxc6 11. exd5 h6 12. Be3 Bxb2 13. Rb1 Bg7 14. Qd2
c5 15. Rfe1 Rb8 16. Rb3 Rxb3 17. cxb3 Qb6 18. a3 Bb5 19. Bxh6 Rxh6 20. Qe2 Kf8
21. Bxb5 Bf6 22. a4 Rh5 23. Qd2 Qb7 24. Bc4 Bd4 25. Kh1 Qd7 26. f3 Qf5 27. Re4
Qf6 28. h3 Be5 29. f4 Qf5 30. Bd3 Bf6 31. Kh2 Qxd5 32. g4 Rh8 33. g5 Bd4 34.
Qe2 e6 35. Bc2 Qb7 36. Qg4 Kg7 37. Qd1 e5 38. Qg4 d5 39. Re2 e4 40. f5 gxf5 41.
Qxf5 Qa6 42. Re1 Qe6 43. Rf1 e3 44. Bd3 e2 45. Re1 Qe3 46. Kg2 Rxh3 47. Qg4 Rh8
48. Qg3 Qxg3+ 49. Kxg3 Rb8 50. Bb5 a6 51. Bxa6 Rxb3+ 52. Kg4 Rb4 53. Rxe2 Rxa4
54. Bb7 Be3+ 55. Kh5 d4 56. Bd5 Ra7 57. Re1 Re7 58. Rf1 d3 59. Bc4 d2 60. Bb3
Rd7 0-1